[Event "Wch Blitz"]
[Site "Riadh"]
[Date "2017.12.29"]
[Round "4"]
[White "Akobian, Varuzhan"]
[Black "Al Jabri, Mohammed Ali"]
[Result "1-0"]
[WhiteElo "2647"]
[BlackElo "2154"]
[PlyCount "75"]
[EventDate "2017.12.29"]
[EventType "swiss (blitz)"]
[EventRounds "21"]
[EventCountry "SAU"]
[SourceTitle "CBM 182 Extra"]
[Source "ChessBase"]
[SourceDate "2018.02.23"]
[SourceVersion "1"]
[SourceVersionDate "2018.02.23"]
[SourceQuality "1"]

1. d4 d5 2. c4 Bf5 3. Nc3 e6 4. Nf3 c6 5. Bf4 Nf6 6. e3 Bd6 7. Bg3 0-0 8. Rc1 Bxg3 9. hxg3 Nbd7 10. Bd3 Bxd3 11. Qxd3 h6 12. 0-0 Re8 13. Rfd1 Qe7 14. a3 a5 15. Rb1 Rad8 16. cxd5 exd5 17. b4 axb4 18. axb4 Ne4 19. b5 Ra8 20. bxc6 bxc6 21. Qc2 Qd6 22. Nxe4 Rxe4 23. Rdc1 Re6 24. Rb3 Ra6 25. Rb7 g6 26. Ne1 Nb6 27. Nd3 Re7 28. Rxe7 Qxe7 29. Qxc6 Qa7 30. Qe8+ Kg7 31. Ne5 Qb7 32. Kh2 Ra8 33. Qb5 Qa7 34. Rc6 Na4 35. Qxd5 Nc3 36. Qc4 Ne4 37. Rc7 Qa2 38. Rxf7+ 1-0

[Event "Wch Blitz"]
[Site "Riadh"]
[Date "2017.12.29"]
[Round "9"]
[White "Al Jabri, Mohammed Ali"]
[Black "Alanazy, Mohammed"]
[Result "0-1"]
[WhiteElo "2154"]
[BlackElo "1850"]
[PlyCount "129"]
[EventDate "2017.12.29"]
[EventType "swiss (blitz)"]
[EventRounds "21"]
[EventCountry "SAU"]
[SourceTitle "CBM 182 Extra"]
[Source "ChessBase"]
[SourceDate "2018.02.23"]
[SourceVersion "1"]
[SourceVersionDate "2018.02.23"]
[SourceQuality "1"]

1. e4 e5 2. Nf3 Nc6 3. Bc4 d6 4. d3 Bg4 5. c3 Be7 6. 0-0 Nf6 7. Nbd2 0-0 8. Re1 Nd7 9. h3 Bh5 10. Nf1 Kh8 11. Ng3 Bg6 12. Bb3 a5 13. a4 f5 14. exf5 Bxf5 15. Nxf5 Rxf5 16. Qe2 Rf8 17. Bd2 Bf6 18. Rad1 Qe8 19. Qe4 Nc5 20. Qc4 Nxb3 21. Qxb3 Rb8 22. Qd5 Qg6 23. Qe4 Qf7 24. Qg4 Rbd8 25. c4 Nb4 26. Bxb4 axb4 27. Qe4 b6 28. b3 Qd7 29. d4 exd4 30. Nxd4 Rde8 31. Qd3 Rxe1+ 32. Rxe1 Re8 33. Rxe8+ Qxe8 34. Nf3 h6 35. Qd5 Qe2 36. Qd2 Qe4 37. Qd1 Bc3 38. Qd5 Qb1+ 39. Kh2 Qxb3 40. Qa8+ Kh7 41. Qe4+ Kg8 42. Qe6+ Kh7 43. Qf5+ Kg8 44. Qe6+ Kh7 45. Qf5+ Kg8 46. Qc8+ Kh7 47. Qxc7 Qxa4 48. Qxd6 Qc2 49. Qd5 b3 50. Nd4 Bxd4 51. Qxd4 b2 52. Qg4 b1Q 53. h4 Qbb2 54. f3 Qbc3 55. Qe6 Q3d2 56. Qg4 Qd6+ 57. Kh3 Qf2 58. Qf5+ Kg8 59. Qg4 Qf8 60. Qe6+ Kh8 61. Qg4 Qe3 62. Qg6 Qc8+ 63. Kh2 Qf8 64. Kh3 Qef4 65. Qc6 0-1

[Event "Wch Blitz"]
[Site "Riadh"]
[Date "2017.12.29"]
[Round "3"]
[White "Al Jabri, Mohammed Ali"]
[Black "Volokitin, Andrei"]
[Result "1-0"]
[WhiteElo "2154"]
[BlackElo "2628"]
[PlyCount "76"]
[EventDate "2017.12.29"]
[EventType "swiss (blitz)"]
[EventRounds "21"]
[EventCountry "SAU"]
[SourceTitle "CBM 182 Extra"]
[Source "ChessBase"]
[SourceDate "2018.02.23"]
[SourceVersion "1"]
[SourceVersionDate "2018.02.23"]
[SourceQuality "1"]

1. e4 c5 2. d4 cxd4 3. c3 Nf6 4. e5 Nd5 5. cxd4 Nc6 6. Nf3 d6 7. Bc4 dxe5 8. dxe5 Ndb4 9. Qxd8+ Nxd8 10. Na3 Be6 11. Bb5+ Ndc6 12. Bd2 a6 13. Ba4 b5 14. Bb3 Bxb3 15. axb3 e6 16. 0-0 Rd8 17. Be3 Be7 18. Rad1 0-0 19. h3 Nd3 20. Bb6 Rd5 21. Nb1 b4 22. Nbd2 Ndxe5 23. Nxe5 Nxe5 24. Nc4 Nd7 25. Be3 Nf6 26. Ra1 Rd3 27. Rxa6 Rxb3 28. Ra7 Nd5 29. Bd4 Rd3 30. Be3 Nxe3 31. Nxe3 Bc5 32. Rb7 Bxe3 33. fxe3 Rxe3 34. Rxb4 Re2 35. Rb7 f5 36. Rc1 Rf7 37. Rc8+ Rf8 38. Rcc7 h5 1-0

[Event "Wch Rapid"]
[Site "Riadh"]
[Date "2017.12.28"]
[Round "14"]
[White "Andriasian, Zaven"]
[Black "Al Jabri, Mohammed Ali"]
[Result "1-0"]
[WhiteElo "2585"]
[BlackElo "2154"]
[PlyCount "75"]
[EventDate "2017.12.26"]
[EventType "swiss (rapid)"]
[EventRounds "15"]
[EventCountry "SAU"]
[SourceTitle "CBM 182 Extra"]
[Source "ChessBase"]
[SourceDate "2018.02.23"]
[SourceVersion "1"]
[SourceVersionDate "2018.02.23"]
[SourceQuality "1"]

1. e4 c5 2. Nf3 e6 3. d4 cxd4 4. Nxd4 a6 5. Bd3 Nf6 6. 0-0 Qc7 7. Qe2 d6 8. c4 Be7 9. b3 0-0 10. Bb2 Nbd7 11. Nd2 b6 12. Rae1 Rd8 13. f4 e5 14. Nf5 Bf8 15. Kh1 exf4 16. Rxf4 Ne5 17. Ref1 Be6 18. Bb1 Re8 19. Ng3 Bg4 20. Qf2 Qe7 21. Qxb6 Qa7 22. Qxa7 Rxa7 23. h3 Bd7 24. R4f2 Bc6 25. Nf3 a5 26. Nd4 Bd7 27. a4 Rb7 28. Nb5 Bc6 29. Bc3 Ned7 30. Rf4 Nc5 31. Bxf6 gxf6 32. Nh5 Nd7 33. Rxf6 Bxe4 34. Bxe4 Rxe4 35. Rxf7 Re6 36. Nd4 Re7 37. R7f3 Rb8 38. Nc6 1-0

[Event "Wch Rapid"]
[Site "Riadh"]
[Date "2017.12.27"]
[Round "7"]
[White "Al Jabri, Mohammed Ali"]
[Black "Christiansen, Johan Sebastian"]
[Result "0-1"]
[WhiteElo "2154"]
[BlackElo "2495"]
[PlyCount "88"]
[EventDate "2017.12.26"]
[EventType "swiss (rapid)"]
[EventRounds "15"]
[EventCountry "SAU"]
[SourceTitle "CBM 182 Extra"]
[Source "ChessBase"]
[SourceDate "2018.02.23"]
[SourceVersion "1"]
[SourceVersionDate "2018.02.23"]
[SourceQuality "1"]

1. e4 e5 2. Nf3 Nc6 3. Bc4 Nf6 4. d3 Be7 5. c3 0-0 6. 0-0 d6 7. Bb3 Kh8 8. Re1 Ng8 9. d4 Bg4 10. Be3 f5 11. exf5 e4 12. h3 Bxf5 13. Nh2 Nf6 14. Nd2 d5 15. Nhf1 Qd7 16. Bf4 Rae8 17. Kh2 Bg6 18. Ng3 Bd6 19. Bxd6 Qxd6 20. Re3 Nh5 21. Kg1 Qf6 22. Qe1 Nf4 23. Bc2 Qg5 24. Qf1 Ne7 25. Rae1 h5 26. Ngxe4 dxe4 27. Nxe4 Bxe4 28. Bxe4 Ned5 29. Bxd5 Rxe3 30. Rxe3 Qxd5 31. Re5 Qf7 32. Kh2 Qg6 33. g3 Nd3 34. Re2 h4 35. Qg2 Qd6 36. Kg1 hxg3 37. fxg3 Qf6 38. Re3 Nxb2 39. Re2 Nd1 40. Kh2 Nxc3 41. Re3 Qxd4 42. Rf3 Rxf3 43. Qxf3 Qd2+ 44. Kh1 Qd1+ 0-1